Geography Quiz

Random Geography or City Quiz

US 'Ville' Cities Quiz Stats

 Plays Quiz Updated Aug 22, 2021

     
Support Sporcle.
Go Orange.
Score 0/15 Timer 06:00
2 Plays Today
Rank City % Correct
29Louisville, Kentucky
71.6%
12Jacksonville, Florida
68.7%
21Nashville, Tennessee
59.8%
129Knoxville, Tennessee
33.8%
107Huntsville, Alabama
19.3%
112Fayetteville, North Carolina
18.8%
188Gainesville, Florida
16.5%
240Evansville, Indiana
16.1%
Rank City % Correct
313Vacaville, California
16.1%
133Brownsville, Texas
14%
153Clarksville, Tennessee
11.4%
174Naperville, Illinois
10.8%
203Victorville, California
5.7%
179Roseville, California
4.6%
271Lewisville, Texas
4.1%

From the Vault

Germanic Animal Puzzle

by Scuadrado

Language 19m
We're not sure if this will help you learn a new language, but at least you get animals.
Remove Ads.
Support Sporcle.
Get the best of Sporcle when you Go Orange. This ad-free experience offers more features, more stats, and more fun while also helping to support Sporcle. Thank you for becoming a member.

Show Comments

Extras

Top Quizzes Today


Score Distribution

Your Account Isn't Verified!

In order to create a playlist on Sporcle, you need to verify the email address you used during registration. Go to your Sporcle Settings to finish the process.

Report this User

Report this user for behavior that violates our Community Guidelines.

Details: